| 000 | 00575nam a22001937a 4500 | ||
|---|---|---|---|
| 003 | KOHA_MİRAKIL | ||
| 005 | 20260406121057.0 | ||
| 008 | 260406b tu ||||| |||| 00| 0 tur d | ||
| 040 |
_aTR-AnABB _btur _cTR-AnABB |
||
| 041 | _atur | ||
| 082 |
_a306.0952 _bMIS 2020 |
||
| 100 | 1 | _aMishima, Yukio | |
| 245 | 1 | 0 |
_aHagakure : _bSamuray'ın yolu ölümdür / _cYukio Mishima ; Türkçesi: Arzum Erken |
| 246 | _aSamuray'ın yolu ölümdür | ||
| 260 |
_aAnkara : _bUKM, _c2020 |
||
| 300 |
_a125 sayfa ; _c20 cm |
||
| 650 | 0 | 4 | _aKültür, Japon |
| 942 |
_2ddc _cBK |
||
| 999 |
_c10173 _d10173 |
||
| 900 | _bCan ÇELIK | ||